Induction of systemic resistance against tomato diseases by plant growth-promoting rhizobacteria / (رقم التسجيلة. 23541)
[ عرض عادي ]
| 000 -LEADER | |
|---|---|
| fixed length control field | 01924nam a2200361 a 4500 |
| 003 - CONTROL NUMBER IDENTIFIER | |
| control field | EG-GiCUC |
| 005 - DATE AND TIME OF LATEST TRANSACTION | |
| control field | 20250223025922.0 |
| 008 - FIXED-LENGTH DATA ELEMENTS--GENERAL INFORMATION | |
| fixed length control field | 090907s2009 ua dh f m 000 0 eng d |
| 040 ## - CATALOGING SOURCE | |
| Original cataloging agency | EG-GiCUC |
| Language of cataloging | eng |
| Transcribing agency | EG-GiCUC |
| 041 0# - LANGUAGE CODE | |
| Language code of text/sound track or separate title | eng |
| 049 ## - LOCAL HOLDINGS (OCLC) | |
| Holding library | Deposite |
| 097 ## - Thesis Degree | |
| Thesis Level | M.Sc |
| 099 ## - LOCAL FREE-TEXT CALL NUMBER (OCLC) | |
| Classification number | Cai01.12.05.M.Sc.2009.Mo.I |
| 100 0# - MAIN ENTRY--PERSONAL NAME | |
| Personal name | Mohamed Gamal Salah Farahat |
| 245 10 - TITLE STATEMENT | |
| Title | Induction of systemic resistance against tomato diseases by plant growth-promoting rhizobacteria / |
| Statement of responsibility, etc. | Mohamed Gamal Salah Farahat ; Supervised Zienat Kamel Mohamed , Mohamed Ezz Eldeen Dawoud , Hanaa Elbadawy Ahmed |
| 246 15 - VARYING FORM OF TITLE | |
| Title proper/short title | استحثاث المقاومة الجهازية ضد امراض الطماطم بواسطة البكتريا الجذر محيطية المنشطة للنمو |
| 260 ## - PUBLICATION, DISTRIBUTION, ETC. | |
| Place of publication, distribution, etc. | Cairo : |
| Name of publisher, distributor, etc. | Mohamed Gamal Salah Farahat , |
| Date of publication, distribution, etc. | 2009 |
| 300 ## - PHYSICAL DESCRIPTION | |
| Extent | 132 Leaves : |
| Other physical details | charts , facsimiles ; |
| Dimensions | 30cm |
| 502 ## - DISSERTATION NOTE | |
| Dissertation note | Thesis (M.Sc.) - Cairo University - Faculty of Science - Department of Botany-Microbiology |
| 520 ## - SUMMARY, ETC. | |
| Summary, etc. | Thirty five endophytic fluorescent bacterial isolates have been isolated and purified from root tissues of healthy tomato plants and screened for their efficiency in inhibiting growth of the tomato pathogens in vitro. Isolates that showed the maximum apparent effect against phytopathogenic fungi were selected and identified as Pseudomonas putida and P. flurescens and their ability to suppress the growth of the phytopathogenic fungus A. solani has been tested in vitro |
| 530 ## - ADDITIONAL PHYSICAL FORM AVAILABLE NOTE | |
| Additional physical form available note | Issued also as CD |
| 653 #4 - INDEX TERM--UNCONTROLLED | |
| Uncontrolled term | Biological control |
| 653 #4 - INDEX TERM--UNCONTROLLED | |
| Uncontrolled term | Rhizobacteria |
| 653 #4 - INDEX TERM--UNCONTROLLED | |
| Uncontrolled term | Systemic resistance |
| 700 0# - ADDED ENTRY--PERSONAL NAME | |
| Personal name | Hanaa Elbadawy Ahmed , |
| Relator term | |
| 700 0# - ADDED ENTRY--PERSONAL NAME | |
| Personal name | Mohamed Ezz Eldeen Dawoud , |
| Relator term | |
| 700 0# - ADDED ENTRY--PERSONAL NAME | |
| Personal name | Zienat Kamel Mohamed , |
| Relator term | |
| 856 ## - ELECTRONIC LOCATION AND ACCESS | |
| Uniform Resource Identifier | <a href="http://172.23.153.220/th.pdf">http://172.23.153.220/th.pdf</a> |
| 902 ## - LOCAL DATA ELEMENT B, LDB (RLIN) | |
| No. of Items | 1 |
| 905 ## - LOCAL DATA ELEMENT E, LDE (RLIN) | |
| Cataloger | Fatma |
| Reviser | Cataloger |
| 905 ## - LOCAL DATA ELEMENT E, LDE (RLIN) | |
| Cataloger | Nazla |
| Reviser | Revisor |
| 942 ## - ADDED ENTRY ELEMENTS (KOHA) | |
| Source of classification or shelving scheme | Dewey Decimal Classification |
| Koha item type | Thesis |
| Source of classification or shelving scheme | Not for loan | Home library | Current library | Date acquired | Full call number | Barcode | Date last seen | Koha item type | Copy number |
|---|---|---|---|---|---|---|---|---|---|
| Dewey Decimal Classification | المكتبة المركزبة الجديدة - جامعة القاهرة | قاعة الرسائل الجامعية - الدور الاول | 11.02.2024 | Cai01.12.05.M.Sc.2009.Mo.I | 01010110051574000 | 22.09.2023 | Thesis | ||
| Dewey Decimal Classification | المكتبة المركزبة الجديدة - جامعة القاهرة | مخـــزن الرســائل الجـــامعية - البدروم | 11.02.2024 | Cai01.12.05.M.Sc.2009.Mo.I | 01020110051574000 | 22.09.2023 | CD - Rom | 51574.CD |